100 Najwyższych budynków w Polsce (z yellowboxem) - Statystyki

Ogólne statystyki
  • Ten quiz został rozwiązany 29 razy
  • Średni wynik to 59 z 100
Statystyki odpowiedzi
# Nazwa Miasto Wysokość
Całkowita (m)
L. Kondygnacji % Poprawnych
1 Varso Warszawa 310 55
100%
2 PałacKultury i Nauki Warszawa 237 42
100%
4 W___Spire Warszawa 220 49
89%
6 W___ TradeTower Warszawa 208 43
89%
7 W___ Unit Warszawa 202 46
89%
8 Sky Liner Warszawa 195 45
89%
9 Q22 Warszawa 159 42
89%
10 Złota 44 Warszawa 192 54
89%
11 Rondo 1 Warszawa 192 40
89%
14 W___ FinancialCenter Warszawa 165 34
89%
15 InterContinental W____ Warszawa 164 45
89%
5 Sky Tower Wrocław 212 51
89%
12 Oliwia Star Gdańsk 180 35
86%
13 Centrum LIM Warszawa 170 42
86%
16 Cosmopolitan Warszawa 160 46
86%
17 Chałubińskiego 8 Warszawa 150 42
86%
20 Mennica LegacyTower Warszawa 141 34
82%
21 Generation Park Warszawa 140 38
82%
22 Intraco I Warszawa 138 39
82%
24 The W___ Hub Warszawa 130 31
82%
25 Spektrum Warszawa 128 30
82%
18 Sea Towers Gdynia 142 36
79%
23 KTW II Katowice 134 31
79%
31 Atlas tower Warszawa 116 28
79%
33 Novotel W___ centrum Warszawa 111 33
79%
36 Bazylika Jasnogórska Częstochowa 106,3 36
75%
28 Forest Warszawa 120 30
75%
29 Łucka city Warszawa 120 30
75%
30 BłękitnyWieżowiec Warszawa 120 28
75%
32 Central tower Warszawa 115 26
75%
3 OlszynkiPark Rzeszów 220,6 41
71%
38 Gmach lubuskiego Urzędu wojewódzkiego Gorzów Wielkopolski 106 15
68%
39 Skylight Warszawa 105 26
68%
40 Babka Tower Warszawa 105 28
68%
46 IImet Warszawa 103 22
64%
57 PZU Tower Warszawa 97 25
64%
59 Prime CorporateCorner Warszawa 96 23
64%
61 Widok Towers Warszawa 95 28
64%
62 Hotel Hiliton Warszawa 94 28
64%
63 North Gate Warszawa 94 25
64%
64 The Westin W___ Warszawa 94 22
64%
65 Bliska Wola tower Warszawa 92 27
64%
66 JM Tower Warszawa 92 27
64%
70 Unique Tower Warszawa 91 30
64%
72 Plac Unii Warszawa 90 22
64%
75 Varso 2 Warszawa 90 21
64%
76 Eurocentrum Alfa Warszawa 88 21
64%
80 Ściana Wschodnia - ul. Zgoda 13 Warszawa 87 24
64%
85 Platinum Tower I Warszawa 85 22
64%
86 Platinum Tower II Warszawa 85 22
64%
88 Aura Sky Warszawa 85 26
64%
90 Ściana Wschodnia - ul.Świętokrzyska 35 Warszawa 85 24
64%
42 K1 Kraków 105 20
61%
43 BazylikaArchikatedralna św. Stanisława Kostki w Ł___ Łódź 104,5 Brak danych
61%
34 BazylikaArchikatedralna Św. Jakuba w S_____ Szczecin 110,2 Brak danych
61%
81 Central Point Warszawa 86 22
61%
98 Warta Tower Warszawa 82 22
61%
99 Kościół Mariacki w K____ Krakow 82 Brak danych
57%
47 Świętokrzyska 35 Warszawa 103 25
57%
89 Pekao Tower Warszawa 85 20
57%
69 Bazylika Św. ElżbietyWe W___ Wrocław 91,4 Brak danych
57%
19 BazylikaNajświętszej Maryi Panny Liche_____ Licheń Stary 141,5 31
54%
94 Hi Piotrowska 155 Łódź 84 21
54%
71 P____ FinancialCentre Poznań 91 19
54%
35 Dom Akademicki „Kredka“ Wrocław 110 23
54%
57 Archikatedra św. Jana Chrzciciela we W___ Wrocław 97,5 Brak danych
54%
96 Kościół NajświętszejMaryi Panny Królowej Różańca Świętego w G___ Gdańsk 83 Brak danych
50%
97 Kościół Najświętszego Serca Pana Jezusa w O___ Olsztyn 83 Brak danych
50%
83 Kościół św katarzyny W T___ Toruń 86 Brak danych
50%
58 Katedra św. Mikołaja w E__ Elbląg 97 Brak danych
46%
77 Kukurydza - ul. ZawiszyCzarnego 4 Katowice 87 27
46%
78 Kukurydza - ul. ZawiszyCzarnego 6 Katowice 87 27
46%
79 Kukurydza - ul. Zawiszy Czarnego 10 Katowice 87 27
46%
26 PAZIM Szczecin 128 22
46%
87 Centrum BiuroweNeptun Gdańsk 85 19
43%
49 Unity Tower Kraków 102,5 27
43%
100 BazylikaKonkatedralna Wniebowzięcia Najświętszej Maryi Panny w G___ Gdańsk 82 Brak danych
39%
27 Altus Katowice 125 29
39%
41 Biurowiec wojewódzki w K___ Katowice 105 22
39%
45 Global Office Park Katowice 104 25
39%
93 BudynekWydziału Nauk Przyrodniczych Uniwersytetu Śląskiego Sosnowiec 84 20
39%
54 Stalexport 1 Katowice 99 22
36%
82 Kościół Świętych Apostołów Piotra i Pawła w K___ Katowice 86 Brak danych
36%
37 Collegium Altum Poznań 106 22
36%
50 Andersa Tower Poznań 102 21
36%
44 Hanza tower Szczecin 104 27
36%
53 Organika Trade Gdańsk 100 20
32%
67 Stalexport 2 Katowice 92 20
32%
84 Bazylika NajświętszejMaryi Panny Anielskiej W D___ Dąbrowa Górnicza 86 Brak danych
29%
73 Zieleniak Gdańsk 90 17
29%
92 Capital Towers Rzeszów 85 25
29%
91 Bazylika KatedralnaWniebowzięcia Najświętszej Maryi Panny We W___ Włocławek 85 Brak danych
25%
68 Kościół św. Bartłomieja W G____ Gliwice 92 Brak danych
21%
51 Katedra św. Stanisława i św. Wacława w Ś___ Świdnica 101,2 Brak danych
18%
48 Kościół Mariacki W C____ Chojna 102,6 Brak danych
14%
60 Bazylika Św. AntoniegoW R___ Rybnik 96 Brak danych
14%
95 KolegiataNajświętszej Maryi Panny Królowej Świata w S___ Stargard 83,5 Brak danych
11%
52 Kościół WniebowzięciaNajświętszej Maryi Panny w B___ Bielawa 101 Brak danych
7%
55 Kościół św. Jana w S___ Stargard 99 Brak danych
7%
74 Kościół MacierzyństwaNajświętszej Maryi Panny W T___ Trzebiatów 90 Brak danych
7%
Nie znaleziono quizów pasujących do podanych kryteriów
Rozkład punktacji
Procent ludzi z każdym wynikiem
Percentyl według liczby udzielonych odpowiedzi
Twoja historia wyników
Nie rozwiązałeś tego quizu